|
|
|
|
| LEADER |
00000nab a2200000 a 4500 |
| 001 |
vtls000724511 |
| 003 |
SK-MaSNL |
| 005 |
20260303234557.0 |
| 008 |
180205c1999 xo 0 slo |
| 015 |
|
|
|a SNBRB2000/06-16742
|
| 035 |
|
|
|a CLN000076675
|
| 040 |
|
|
|a SNKBUCL
|b slo
|c SNKBUCL
|e AACR2
|
| 041 |
0 |
|
|a slo
|
| 044 |
|
|
|a xo
|c SK
|
| 080 |
|
|
|a 130.3(048)
|2 UDC-MRF-SK2
|
| 080 |
|
|
|a 233.5(048)
|2 UDC-MRF-SK2
|
| 080 |
|
|
|a 248.151(048)
|2 UDC-MRF-SK2
|
| 100 |
1 |
|
|a Sarka, Róbert,
|d 1962-
|4 aut
|9 243538
|
| 245 |
1 |
0 |
|a Fontana, D.: Cesty ducha v moderním světě. Možnosti duchovního růstu z pohledu psychologie a spirituálních tradic
|c Róbert Sarka
|
| 500 |
|
|
|a Na dokumente chybne uvedený rok
|
| 500 |
|
|
|a Datované 9.7.1999 Viedeň
|
| 650 |
0 |
7 |
|a spiritualita
|x monografie
|x recenzie
|2 snkbucl
|9 1272345
|
| 655 |
|
7 |
|a články z novín a časopisov
|2 snkbucl
|9 267496
|
| 773 |
0 |
|
|t Proglas
|g Roč. 10, č. 3-4 (1999), s. 53-54
|
| 787 |
0 |
8 |
|i Rec.:
|a Fontana, David
|t Cesty ducha v moderním světe
|d Praha : Portál, 1999
|
| 850 |
|
|
|a Slovenská národná knižnica v Martine
|
| 852 |
|
|
|a SNK
|b KIS3GCP
|
| 958 |
|
|
|a RBX
|
| 999 |
|
|
|c 2521521
|d 2523451
|